<?xml version="1.0" encoding="UTF-8"?><?xml-stylesheet type="text/xsl" href="static/style.xsl"?><OAI-PMH xmlns="http://www.openarchives.org/OAI/2.0/" xmlns:xsi="http://www.w3.org/2001/XMLSchema-instance" xsi:schemaLocation="http://www.openarchives.org/OAI/2.0/ http://www.openarchives.org/OAI/2.0/OAI-PMH.xsd"><responseDate>2026-06-05T21:46:07Z</responseDate><request verb="GetRecord" identifier="oai:riubu.ubu.es:10259/4211" metadataPrefix="marc">https://riubu.ubu.es/oai/request</request><GetRecord><record><header><identifier>oai:riubu.ubu.es:10259/4211</identifier><datestamp>2021-11-02T12:04:24Z</datestamp><setSpec>com_10259_3830</setSpec><setSpec>com_10259_5086</setSpec><setSpec>com_10259_2604</setSpec><setSpec>col_10259_4210</setSpec></header><metadata><record xmlns="http://www.loc.gov/MARC21/slim" xmlns:doc="http://www.lyncode.com/xoai" xmlns:xsi="http://www.w3.org/2001/XMLSchema-instance" xmlns:dcterms="http://purl.org/dc/terms/" xsi:schemaLocation="http://www.loc.gov/MARC21/slim http://www.loc.gov/standards/marcxml/schema/MARC21slim.xsd">
<leader>00925njm 22002777a 4500</leader>
<datafield tag="042" ind1=" " ind2=" ">
<subfield code="a">dc</subfield>
</datafield>
<datafield tag="720" ind1=" " ind2=" ">
<subfield code="a">Acebes, Fernando</subfield>
<subfield code="e">author</subfield>
</datafield>
<datafield tag="720" ind1=" " ind2=" ">
<subfield code="a">Pajares Gutiérrez, Javier</subfield>
<subfield code="e">author</subfield>
</datafield>
<datafield tag="720" ind1=" " ind2=" ">
<subfield code="a">Galán Ordax, José Manuel</subfield>
<subfield code="e">author</subfield>
</datafield>
<datafield tag="720" ind1=" " ind2=" ">
<subfield code="a">López Paredes, Adolfo</subfield>
<subfield code="e">author</subfield>
</datafield>
<datafield tag="260" ind1=" " ind2=" ">
<subfield code="c">2013-03</subfield>
</datafield>
<datafield tag="520" ind1=" " ind2=" ">
<subfield code="a">In this paper, we propose an innovative and simple graphical framework for project control and monitoring, to integrate the dimensions of project cost and schedule with risk management, therefore extending the Earned Value methodology (EVM). EVM allows Project managers to know whether the project has overruns (over-costs and/or delays), but project managers do not know when deviations from planned values are so important that corrective actions should be taken or, in case of good performance, sources of improvement can be detected. From the concept of project planned variability, we build a graphical methodology to know when a project remains “out of control” or “within expected variability” during the project lifecycle. To this aim, we define and represent new control indexes and new cumulative buffers. Five areas in the chart represent five different possible project states. To implement this framework, project managers only need the data provided by EVM traditional analysis and Monte-Carlo simulation. We also explore the sensitivity of the methodology to control variables.</subfield>
</datafield>
<datafield tag="024" ind2=" " ind1="8">
<subfield code="a">1877-0428</subfield>
</datafield>
<datafield tag="024" ind2=" " ind1="8">
<subfield code="a">http://hdl.handle.net/10259/4211</subfield>
</datafield>
<datafield tag="024" ind2=" " ind1="8">
<subfield code="a">10.1016/j.sbspro.2013.03.027</subfield>
</datafield>
<datafield ind1=" " ind2=" " tag="653">
<subfield code="a">Earned Value Management</subfield>
</datafield>
<datafield ind1=" " ind2=" " tag="653">
<subfield code="a">risk management</subfield>
</datafield>
<datafield ind1=" " ind2=" " tag="653">
<subfield code="a">project control and monitoring</subfield>
</datafield>
<datafield tag="245" ind1="0" ind2="0">
<subfield code="a">Beyond earned value management: a graphical framework for integrated cost, schedule and risk monitoring</subfield>
</datafield>
</record></metadata></record></GetRecord></OAI-PMH>